000 02172cab a2200313 ab4500
005 20221110063758.0
008 991125c2015 cl tr p o 000 0 spa d
035 _aUPN01000204824
040 _aMX-MxUPN
_bspa
_cMX-MxUPN
_eaacr2
049 _aART-E
100 1 _aMettifogo Guerrero, Decio
100 1 _udmettifo@uchile.cl
100 1 _aArévalo, Camila
100 1 _aGómez, Francisca
100 1 _aMontedónico, Sofía
100 1 _aSilva, Luis
245 1 0 _aFactores transicionales y narrativas de cambio en jóvenes infractores de ley :
_banálisis de las narrativas de jóvenes condenados por la Ley de Responsabilidad Penal Adolescente
_h[recurso electrónico en línea]
506 0 _aAcceso abierto
520 3 _aLa presente investigación tiene por objeto describir los factores de transición hacia el desistimiento del delito y su vinculación con narrativas de cambio en el discurso de jóvenes infractores de ley con residencia en la zona sur y oriente de Santiago de Chile. Esta investigación se enmarca en un proyecto más amplio orientado a explorar los elementos que pudieran contribuir al abandono de la actividad delictiva y la integración social. Ello con el fin de desarrollar un modelo post-condena para adolescentes denominado Proyecto Pasos. Para desarrollar la investigación se utilizó un enfoque cualitativo con un diseño narrativo. Entre los resultados más importantes se confirma la relevancia de los vínculos sociales en el proceso de desistimiento y su efecto pivote sobre el apoyo social y el aprendizaje. A su vez, se destaca la presencia no sólo de puntos de inflexión -nuevas relaciones y circunstancias- sino también de puntos de retorno-resignificación de relaciones preexistentes.
650 2 _aReinserción social
_918997
650 7 _97258
_aIntegración social
653 0 _aJOVENES INFRACTORES
653 0 _aNARRATIVA
773 _gVol. 14, no. 1 (2015)
_tPsicoperspectivas: individuo y sociedad
_x0718-6924
856 4 _uhttp://www.psicoperspectivas.cl/index.php/psicoperspectivas/article/viewFile/502/400
902 _aLeonor Sotres
_bLeonor Sotres/171022/M
905 _aArticulo
942 _cART-E
999 _c176925
_d176925